Analýza nezamestnanosti v okrese Trenčín

Bibliographic Details
Main Author: Petrušová, Dagmar, 1960- (Author)
Format: Article
Language:Slovak
PhysicalDescription:Grafy, tab.
ISSN:1336-3727
Subjects:

MARC

LEADER 00000nab a2200000 a 4500
001 vtls008294582
003 SK-MaSNL
005 20260304140036.0
008 250505c2005 xo qr|p|||||||000 b|slo
015 |a SNBRB2005/08  |2 snkbucl 
035 |a (uuid)5bbcceda-b2dd-4144-a6c7-ab169a06b3bb 
035 |a urn:nbn:sk:snk-ab1gfc 
035 |a (urnnbn)urn:nbn:sk:snk:ar-003jba 
038 |a SNKBUCL 
040 |a SNKBUCL  |b slo  |c SNKBUCL  |e AACR2 
041 0 |a slo  |b eng  |b slo 
044 |a xo  |c SK 
080 |a 331.56  |x (437.6)  |2 1997 
100 1 |a Petrušová, Dagmar,  |d 1960-  |4 aut  |9 197946 
245 1 0 |a Analýza nezamestnanosti v okrese Trenčín  |c Dagmar Petrušová 
300 |b Grafy, tab. 
504 |a Bibliogr. odkazy 
546 |a Res. angl., slov. 
648 7 |a 2000-2004  |2 snkbucl  |9 311054 
650 0 7 |a nezamestnanosť  |2 snkbucl  |9 4271 
651 7 |a Trenčín (Slovensko)  |2 snkbucl  |9 159956 
773 0 |t Sociálno-ekonomická revue = Social and Economic Revue  |g Roč. 3, Č. 1 (6) (2005), s. 78-81  |x 1336-3727 
850 |a Slovenská národná knižnica 
852 |a Slovenská národná knižnica 
954 |a odborná, vedecká literatúra pôvodná (slovenská)  |2 lita 
958 |a article27 
958 |a NB 
958 |a OND 
958 |a EUIPO 
999 |c 2913285  |d 2915215